Chromozómy ako reprezentácia skúseností v spoločenstve robotov

Bibliographic Details
Main Author: Kubík, Aleš (Author)
Format: Article
Language:Slovak
ISBN:808906664X

MARC

LEADER 00000naa a2200000uu 4500
001 vtls011074883
003 SK-MaSNL
005 20260302111421.0
008 210908|2003 xo |||||||||||||||||slo|
015 |a SNBRA 
035 |a (urnnbn)urn:nbn:sk:snk:ar-a0cdly 
035 |a (uuid)18d11830-7507-40cb-be0a-af61b6d1f6f3 
035 |a urn:nbn:sk:snk-aavjsn 
040 |a SNKBUCL  |b slo  |c SNKBUCL  |e AACR2 
041 0 |a slo 
044 |a xo  |c SK 
100 1 |a Kubík, Aleš  |4 aut  |9 788825 
245 1 0 |a Chromozómy ako reprezentácia skúseností v spoločenstve robotov  |c Aleš Kubík 
773 0 |t Kognícia, umelý život a počítačová inteligencia  |d Košice : Elfa, 2003  |g S. 335-341  |z 808906664X 
958 |a OND 
958 |a article12 
958 |a chapter 
999 |c 1247613  |d 1249543